| 000 | 00453 a2200169 4500 | ||
|---|---|---|---|
| 003 | Nust | ||
| 005 | 20230221102716.0 | ||
| 040 | _cNust | ||
| 082 | _a297,HAS | ||
| 100 |
_aHashmi, Syed Mohamad Mateen _9109291 |
||
| 245 |
_aRoshani Speeches (Urdu) / _cMoulana Syed Mohammad Mateen Hashmi |
||
| 260 |
_aLahre _b Muktaba Rawait _62002 |
||
| 300 | _a301:p | ||
| 538 | _aAlmirah No.58 and Shelf No.6 | ||
| 650 |
_aWay of Life _9109292 |
||
| 942 |
_2ddc _cBK |
||
| 999 |
_c187791 _d187791 |
||